| 000 | 00465nam a22001817a 4500 | ||
|---|---|---|---|
| 001 | TVUNI | ||
| 005 | 20260126014645.0 | ||
| 008 | 221102s2010 vm vie d | ||
| 020 | _c98000 | ||
| 040 |
_aTVUNI _eAACR2 |
||
| 041 | 0 | _avie | |
| 100 | 1 | _aNgô, Thế Chi | |
| 245 | 1 | 0 |
_aGiáo trình kế toán tài chính / _cNgô Thế Chi |
| 260 |
_aHà Nội : _bTài Chính, _c2010 |
||
| 300 |
_a771 tr. ; _c24 cm. |
||
| 942 |
_2ddc _cBK |
||
| 999 |
_c2461 _d2461 |
||
| 912 |
_a1 _bHiển Phạm |
||